000 00309nam a22001337a 4500
008 170602b xxu||||| |||| 00| 0 eng d
020 _a0815730713
041 _aeng
080 _a94(100)
100 _a17
101 _aSHH
245 _aTHE IRONY OF VIETNAM: THE SYSTEM WORKED
_cGELB,L.H
942 _2udc
_cBK
999 _c15711
_d15711